Standortmarketing – die Wirkung von Bildungsmessen auf den Veranstaltungsort dizertačná práca

Enregistré dans:
Détails bibliographiques
Auteur principal: Schulze, Susanne, 1981-
Collectivité auteur: Fakulta podnikového manažmentu EU. Katedra podnikových financií
Autres auteurs: Markovič, Peter, 1974-
Format: Livre
Langue:allemand
Publié: Bratislava 2021
Sujets:
Tags: Ajouter un tag
Pas de tags, Soyez le premier à ajouter un tag!

MARC

LEADER 00000nbm a2200000 4500
001 0278189
005 20230302101805.1
041 0 |a ger 
044 |a SK 
245 1 0 |a Standortmarketing – die Wirkung von Bildungsmessen auf den Veranstaltungsort  |b dizertačná práca  |c Susanne Schulze ; školiteľ: Peter Markovič 
264 1 |a Bratislava  |c 2021 
300 |a 128 s. 
610 2 0 |a marketing 
610 2 0 |a veľtrhy 
610 2 0 |a výstavy 
610 2 0 |a vzdelávanie 
100 1 |a Schulze, Susanne, 1981- 
700 1 |a Markovič, Peter, 1974- 
710 2 |a Fakulta podnikového manažmentu EU. Katedra podnikových financií